01317nam a2200217 i 4500001000700000003000900007005001700016008004100033080001600074245020400090260006500294300003000359500023800389600007000627650003500697650003900732700003100771852015100802999001900953952012700972153178ES-MaACL20250819035419.0931025s18261832sp a |||| | spa d a76.035(460)00aColección lithográphica de cuadros del Rey de España el Señor Don Fernando VII b: obra dedicada a S. M. lithographiada por hábiles artistas / cbajo la dirección de D. José de Madrazo. aMadrid : bReal Establecimiento Lithográfico, c1826-1832. a3 v. : bgrab. ; c62 cm. aEn v. 1 dedicatorias y retrato del rey Fernando VII, prólogo, descripción y vista del Museo del Prado; en v. 2 dedicatoria y retrato de la reina María Cristina y vista del Museo del Prado; en v. 3 retrato de la reina Isabel II.07aFernando bVII, cRey de España-xColecciones de arte29155571 4aLitografías-yS.XIX.9136440 4aGrabado español-yS.XIX.91555701 aMadrazo, José de.9753394 aES-MaACLjB-6994-96 z-- Enc. tela conservando la cub. original z-- Sello de la Real Biblioteca, Cambio-Duplicado q-- El t.III falto de la port. c153178d153178 001040708LIBXIXaATENEOMbATENEOMcSPBd2008-01-17eDONl0oB-6994-96p1160051r2023-02-23 00:00:00w2023-02-23yMONANT